Ricostruisci la Carriera del Calciatore - Alberto Gilardino - Statistics

Statistiche generali
  • Questo quiz è stato fatto 45 volte
    34 dall'ultimo reset
  • Il punteggio medio è 5 su 14
Statistiche sulle risposte
Hint Risposta % Corretto
2008-2012 Fiorentina
69%
2005-2008 Milan
69%
2002-2005 Parma
54%
1999-2000 Piacenza
54%
2012 Genoa
38%
2012-2013 Bologna
31%
2014 Guangzhou E.
31%
2017-2018 Spezia
27%
2000-2002 Verona
27%
2015-2016 Palermo
19%
2013-2014 Genoa
15%
2017 Pescara
15%
2016-2017 Empoli
12%
2015 Fiorentina
12%
Nessun quiz corrispondente trovato
Distribuzione punteggi
Percentuale di utenti per punteggio
Percentile per numero di risposta
I tuoi punteggi nel tempo
Non hai fatto questo quiz dall'ultimo reset